01007nam a2200265 a 450000100060000000300080000600500170001400800410003102000150007203500190008704000270010604100080013308200260014124501200016726000430028730000340033050000710036450400410043565000370047670000260051370000320053994200120057199900170058395201410060041892BD-RjUL20211209053451.0160607s1981 nyua b 000 0 eng  a0312128584 a(BD-RjUL)42010 aDLCcDLCdBD-RjULbeng aeng00a327.072219bCHA 198100aChange and the study of international relations :bthe evaded dimension /cedited by Barry Buzan, R.J. Barry Jones. aNew York :bSt. Martin's Press,c1981. axii, 241 p. :bill. ;c24 cm. a"By members of the International Relations Theory Group."--Introd. aIncludes bibliographical references. 0aInternational relations.91287271 aBuzan, Barry.91287281 aJones, R. J. Barry.9128729 2ddccBK c41892d41892 00102ddc40708NFICaRUCLbRUCLcStackd1988-09-03eThe Asia Foundationl0o327.072 CHA 1981r2016-06-07 00:00:00tC-2w2016-06-07yBK